000 00957nam1a2200301 i 4500
001 RU\NLR\bibl\433250
005 20241118220131.0
010 _a5-17-013398-7
035 _a(NLR Aleph) 000427081
090 _a731253
_c731253
100 _a20030903d2003 u y0rusy50 ca
101 1 _arus
_ceng
102 _aRU
105 _a||||z |||||
200 1 _aУченик пекаря
_eВ 2 т.
_e[Роман-трилогия]
_fДжулия Джонс
_g[Пер. с англ. Н.И. Виленской]
210 _aМ.
_cАСТ
_d2003
215 _d21
225 1 _aЗолотая серия фэнтези
300 _aАвт. также на англ. яз.: J.V. Jones
463 0 _1001431431
463 0 _1001431428
686 _aШ6(7США)67-445{Лх1979-62}
700 1 _aДжонс
_bД.
_gДжулия
_4070
801 0 _aRU
_bNLR
_c20030903
_gPSBO
801 1 _aRU
_bNLR
_c20030903
852 _aNLR
_j2003-3/20504
942 _cBOOK